banner-ar

التحنيط فى مصرالقديمة والاحتفال بمرور مائة عام على الكشف عن الموميات الملكية بالدير البحرى (Record no. 38044)

MARC details
000 -الفاتح
حقل البيانات ثابتة الطول 00838nam a2200229Ia 4500
008 - عناصر البيانات ثابتة الطول - معلومات عامة
حقل البيانات ثابتة الطول 140319s9999 xx 000 0 ara d
040 ## - مصدر الفهرسة
وكالة الفهرسة الأصلية GCL /
وكالة النسخ GCL
082 04 - رقم تصنيف ديوى العشرى
رقم التصنيف ق
رقم المادة 579.4
-- ه ت
245 10 - بيان العنوان
العنوان التحنيط فى مصرالقديمة والاحتفال بمرور مائة عام على الكشف عن الموميات الملكية بالدير البحرى
300 ## - الوصف المادى
التعداد 23 ص
490 ## - بيان السلسلة
عنوان السلسلة
650 04 - المدخل الاضافى بالموضوع-مصطلح موضوعى
مصطلح موضوعي مصر القديمة
650 04 - المدخل الاضافى بالموضوع-مصطلح موضوعى
مصطلح موضوعي المتحف المصرى
650 04 - المدخل الاضافى بالموضوع-مصطلح موضوعى
مصطلح موضوعي التحنيط عند الفراعنة
650 04 - المدخل الاضافى بالموضوع-مصطلح موضوعى
مصطلح موضوعي المومياءات
650 04 - المدخل الاضافى بالموضوع-مصطلح موضوعى
مصطلح موضوعي البعث (الديانة المصرية القديمة
650 04 - المدخل الاضافى بالموضوع-مصطلح موضوعى
مصطلح موضوعي الطب المصرى القديم
650 04 - المدخل الاضافى بالموضوع-مصطلح موضوعى
مصطلح موضوعي الدير البحرى ( الاقصر )
650 04 - المدخل الاضافى بالموضوع-مصطلح موضوعى
مصطلح موضوعي الاقصر، البر الغربى
942 ## - عناصر المدخل الإضافي( كوها)
مصدر التصنيف او مخطط الترفيف Dewey Decimal Classification
Koha [default] item type كتاب
Holdings
حالة التراجع حالة الفقد حالة تلف ليس للاعارة المكان المؤقت الموقع الحالى تاريخ الاكتساب اجمالي اﻻعارات رقم الطلب الباركود تاريخ اخر مشاهدة تاريخ تفعيل السعر نوع وعاء كوها
        مكتبة القاهرة الكبرى مكتبة القاهرة الكبرى 03/26/2014   ق\579.4\ه ت 92947 03/26/2014 03/26/2014 كتاب

Powered By

EGPV